[Event "Remote-ch Class3 email"]
[Site "Remote email"]
[Date "2013.04.01"]
[Round "?"]
[White "Sachse, Steffen"]
[Black "Koestner, Wolfgang"]
[Result "1/2-1/2"]
[WhiteElo "2455"]
[BlackElo "2362"]
[PlyCount "54"]
[EventDate "2013.??.??"]
[EventType "tourn (corr)"]
[EventRounds "6"]
[EventCountry "GER"]
[SourceTitle "Corr 2015"]
[Source "ChessBase"]
[SourceDate "2015.07.17"]
[SourceVersion "1"]
[SourceVersionDate "2015.07.17"]
[SourceQuality "1"]

1. Nf3 Nf6 2. b3 g6 3. Bb2 Bg7 4. g3 0-0 5. Bg2 d5 6. c4 Nc6 7. cxd5 Nxd5 8. Bxg7 Kxg7 9. d4 Bg4 10. 0-0 Qd6 11. e4 Ndb4 12. d5 Ne5 13. Nbd2 c6 14. Nc4 Bxf3 15. Bxf3 Nxf3+ 16. Qxf3 Qf6 17. Qxf6+ Kxf6 18. e5+ Kf5 19. d6 Ke6 20. f4 Rfe8 21. a3 Nd5 22. Rae1 Rab8 23. Rf3 h5 24. dxe7 Rxe7 25. Nd6 f5 26. h4 Rd7 27. Rd3 Ra8 1/2-1/2